Kader FC Augsburg - Statistiken

Allgemein
  • Dieses Quiz wurde 206 mal gespielt
    103 seit der letzten Aktualisierung
  • Das Durchschnittsergebnis liegt bei 15 aus 37
Antwortstatistiken
# Spieler % Korrekt
1 Finn Dahmen
84%
9 Ermedin Demirovic
75%
10 Arne Maier
62%
Enrico Maaßen
61%
16 Rubén Vargas
57%
30 Niklas Dorsch
56%
2 Robert Gumny
56%
3 Mads Pedersen
55%
24 Fredrik Jensen
53%
22 Iago
52%
11 Mergim Berisha
52%
27 Arne Engels
51%
21 Phillip Tietz
51%
40 Tomas Koubek
51%
4 Reece Oxford
48%
6 Jeffrey Gouweleeuw
45%
5 Patric Pfeiffer
45%
19 Felix Uduokhai
40%
7 Dion Beljo
39%
23 Maximilian Bauer
35%
13 Elvis Rexhbecaj
34%
20 Sven Michel
32%
32 Raphael Framberger
30%
33 Marcel Lubik
29%
36 Mert Kömür
29%
34 Nathanaël Mbuku
29%
42 Aaron Zehnter
27%
48 Irvin Cardona
26%
18 Tim Breithaupt
25%
38 David Colina
21%
14 Masaya Okugawa
21%
26 Frederik Winther
18%
15 Jozo Stanic
18%
37 Maurice Malone
17%
8 Renato Veiga
17%
17 Noah Joel Sarenren Bazee
14%
29 Lasse Günther
9%
Keine übereinstimmenden Quizze gefunden
Verteilung der Resultate
Anzahl Personen mit jedem Resultat
Perzentil nach korrekt beantworteten Fragen
Ihre Resultats-Entwicklung
Sie haben dieses Quiz seit der letzten Aktualisierung nicht gespielt